[Event "Titled Tuesday intern op 16th Apr Early"]
[Site "Chess.com INT"]
[Date "2024.04.16"]
[Round "1"]
[White "Santeramo, Alessia Carmen"]
[Black "Ghevondyan, Arman"]
[Result "0-1"]
[WhiteElo "2162"]
[BlackElo "2216"]
[PlyCount "112"]
[EventDate "2024.04.16"]
[EventType "swiss (blitz)"]
[EventRounds "11"]
[EventCountry "USA"]
[SourceTitle "CB17_2024"]
[SourceDate "2024.04.24"]
[SourceVersion "1"]
[SourceVersionDate "2024.04.24"]
[SourceQuality "1"]

1. e4 c5 2. Nf3 Nc6 3. Bb5 g6 4. Bxc6 bxc6 5. 0-0 Bg7 6. Re1 Nh6 7. c3 0-0 8. d4 cxd4 9. cxd4 d6 10. Nc3 f6 11. Be3 Rb8 12. Qc2 Bd7 13. Rad1 Qa5 14. b3 Qh5 15. h3 Bxh3 16. Ne2 Bd7 17. Nf4 Qa5 18. Qc1 Ng4 19. Qc4+ Kh8 20. Re2 Nxe3 21. fxe3 Rb4 22. Qc2 Qa6 23. Nd3 Rb5 24. e5 fxe5 25. dxe5 Bg4 26. exd6 exd6 27. Rf2 Rbf5 28. Nf4 Bxf3 29. Rxf3 Be5 30. Rdf1 g5 31. Ne6 Rxf3 32. Rxf3 Rxf3 33. gxf3 Qa5 34. Nxg5 Qe1+ 35. Kg2 Qg3+ 36. Kf1 Qxg5 37. Qxc6 Qe7 38. Qc8+ Kg7 39. Qg4+ Kf7 40. Ke2 Bf6 41. Qh5+ Kg7 42. Qg4+ Kf8 43. Qc8+ Kf7 44. Qc4+ Qe6 45. Qc7+ Be7 46. Qxa7 h5 47. Qd4 h4 48. Qf4+ Ke8 49. a4 h3 50. a5 Qxb3 51. Kf2 Qa2+ 52. Kg3 Qxa5 53. Kxh3 Kd7 54. Qg4+ Kc7 55. Kg3 d5 56. Qf4+ Bd6 0-1

[Event "Titled Tuesday intern op 02nd Apr Late"]
[Site "Chess.com INT"]
[Date "2024.04.02"]
[Round "4"]
[White "Teiitbaev, Aktilek"]
[Black "Ghevondyan, Arman"]
[Result "1/2-1/2"]
[WhiteElo "2094"]
[BlackElo "2216"]
[PlyCount "125"]
[EventDate "2024.04.02"]
[EventType "swiss (blitz)"]
[EventRounds "11"]
[EventCountry "USA"]
[SourceTitle "CB15_2024"]
[SourceDate "2024.04.10"]
[SourceVersion "1"]
[SourceVersionDate "2024.04.10"]
[SourceQuality "1"]

1. d4 Nf6 2. c4 g6 3. Nf3 Bg7 4. e3 0-0 5. Be2 d5 6. 0-0 c5 7. dxc5 dxc4 8. Na3 Qa5 9. Nxc4 Qxc5 10. a3 Nc6 11. b4 Qf5 12. Bb2 Rd8 13. Qb1 Qxb1 14. Raxb1 Bf5 15. Rbc1 a6 16. Rfd1 Ne4 17. Bxg7 Kxg7 18. Nb6 Rab8 19. h3 Rxd1+ 20. Bxd1 Rd8 21. Bc2 Nd2 22. Bxf5 Nxf3+ 23. gxf3 gxf5 24. Rc3 Kf6 25. Na4 Ne5 26. f4 Nf3+ 27. Kg2 Nd2 28. Nc5 Rg8+ 29. Kh1 Nf3 30. Rc1 b6 31. Nxa6 Ra8 32. b5 e6 33. Kg2 Nd2 34. f3 Nb3 35. Rc3 Nc5 36. Nxc5 bxc5 37. Rb3 c4 38. Rb4 c3 39. b6 c2 40. Rc4 Rxa3 41. Rxc2 Rb3 42. Rc6 Rxe3 43. Kg3 Rb3 44. h4 Rb2 45. Kh3 h5 46. Kg3 Rb4 47. Rd6 Ke7 48. Rc6 Kf6 49. Rd6 Rb3 50. Rc6 Ke7 51. Rc7+ Kf6 52. b7 Rb2 53. Rd7 Kg6 54. Rc7 f6 55. Re7 Rb6 56. Rc7 Rb2 57. Re7 Rb6 58. Rd7 Rb2 59. Rc7 Kh6 60. Re7 Kg6 61. Rc7 Kh6 62. Rd7 Kg6 63. Re7 1/2-1/2

[Event "Titled Tuesday intern op 06th Feb Early"]
[Site "Chess.com INT"]
[Date "2024.02.06"]
[Round "2"]
[White "Ghevondyan, Arman"]
[Black "Paravyan, David"]
[Result "0-1"]
[WhiteElo "2216"]
[BlackElo "2612"]
[PlyCount "50"]
[EventDate "2024.02.06"]
[EventType "swiss (blitz)"]
[EventRounds "11"]
[EventCountry "USA"]
[SourceTitle "CB07_2024"]
[SourceDate "2024.02.14"]
[SourceVersion "1"]
[SourceVersionDate "2024.02.14"]
[SourceQuality "1"]

1. Nf3 d5 2. d4 Nf6 3. g3 g6 4. Bg2 Bg7 5. 0-0 0-0 6. b3 c5 7. Bb2 cxd4 8. Nxd4 Re8 9. Nf3 Nc6 10. Na3 e5 11. c4 d4 12. Nc2 Bf5 13. Nh4 Be4 14. f3 Bxc2 15. Qxc2 Qe7 16. Rad1 Rad8 17. Bh3 e4 18. Ng2 d3 19. exd3 Nb4 20. Qb1 Nxd3 21. Bxf6 Bxf6 22. Kh1 Qc5 23. Qc2 Nf2+ 24. Rxf2 Rxd1+ 25. Qxd1 Qxf2 0-1

[Event "Titled Tuesday intern op 06th Feb Early"]
[Site "Chess.com INT"]
[Date "2024.02.06"]
[Round "1"]
[White "Ghevondyan, Arman"]
[Black "Passen, Brett"]
[Result "1-0"]
[WhiteElo "2216"]
[BlackElo "1861"]
[PlyCount "53"]
[EventDate "2024.02.06"]
[EventType "swiss (blitz)"]
[EventRounds "11"]
[EventCountry "USA"]
[SourceTitle "CB07_2024"]
[SourceDate "2024.02.14"]
[SourceVersion "1"]
[SourceVersionDate "2024.02.14"]
[SourceQuality "1"]

1. Nf3 Nf6 2. d4 e6 3. g3 b5 4. Bg2 Bb7 5. 0-0 c5 6. Na3 a6 7. c4 b4 8. Nc2 Be7 9. b3 cxd4 10. a3 a5 11. axb4 axb4 12. Rxa8 Bxa8 13. Ncxd4 Nc6 14. Nb5 d5 15. Qc2 dxc4 16. bxc4 0-0 17. Bb2 Qb6 18. Rd1 Na5 19. Bd4 Qc6 20. Rc1 Rc8 21. Na7 b3 22. Qb1 Qa6 23. Nxc8 Qxc8 24. Bc3 Nxc4 25. Qxb3 Bd5 26. Bxf6 gxf6 27. e4 1-0

[Event "Titled Tuesday intern op 23rd Jan Late"]
[Site "Chess.com INT"]
[Date "2024.01.23"]
[Round "5"]
[White "Bok, Benjamin"]
[Black "Ghevondyan, Arman"]
[Result "1-0"]
[WhiteElo "2621"]
[BlackElo "2216"]
[PlyCount "91"]
[EventDate "2024.01.23"]
[EventType "swiss (blitz)"]
[EventRounds "11"]
[EventCountry "USA"]
[SourceTitle "CB05_2024"]
[SourceDate "2024.01.31"]
[SourceVersion "1"]
[SourceVersionDate "2024.01.31"]
[SourceQuality "1"]

1. d4 Nf6 2. c4 g6 3. g3 d5 4. Bg2 Bg7 5. Nf3 0-0 6. 0-0 c5 7. dxc5 dxc4 8. Na3 Qa5 9. Be3 Ng4 10. Nxc4 Qb5 11. Qb3 Qa6 12. Bd4 Nc6 13. Bxg7 Kxg7 14. Qc3+ Kg8 15. b4 Be6 16. Rfc1 Rfd8 17. Nfe5 Ngxe5 18. Nxe5 Nd4 19. Re1 Nxe2+ 20. Rxe2 Qxe2 21. Bxb7 Rd1+ 22. Rxd1 Qxd1+ 23. Kg2 Bd5+ 24. Bxd5 Qxd5+ 25. Qf3 Qxf3+ 26. Kxf3 f6 27. Nc6 Kf7 28. b5 Ke6 29. b6 axb6 30. cxb6 Ra3+ 31. Kg2 Rxa2 32. b7 Rb2 33. b8Q Rxb8 34. Nxb8 h5 35. Nc6 Kd6 36. Nd4 e5 37. Ne2 g5 38. Kf3 f5 39. h4 g4+ 40. Ke3 Kd5 41. Kd3 Kc5 42. Nc3 Kd6 43. Kc4 f4 44. Ne4+ Ke6 45. Kc5 Kf5 46. Kd5 1-0

[Event "Titled Tuesday intern op 19th Dec Early"]
[Site "Chess.com INT"]
[Date "2023.12.19"]
[Round "5"]
[White "Ghevondyan, Arman"]
[Black "Krzyzanowski, Marcin"]
[Result "0-1"]
[WhiteElo "2216"]
[BlackElo "2512"]
[PlyCount "66"]
[EventDate "2023.12.19"]
[EventType "swiss (blitz)"]
[EventRounds "11"]
[EventCountry "USA"]
[SourceTitle "CB52_2023"]
[SourceDate "2023.12.27"]
[SourceVersion "1"]
[SourceVersionDate "2023.12.27"]
[SourceQuality "1"]

1. Nf3 Nf6 2. g3 b5 3. Bg2 Bb7 4. 0-0 e6 5. d4 d5 6. Ne5 Nbd7 7. Na3 b4 8. Nac4 Nxe5 9. Nxe5 Nd7 10. c4 Nxe5 11. dxe5 c6 12. Qc2 Be7 13. Rd1 Qa5 14. Bf4 0-0 15. e4 Rfd8 16. exd5 cxd5 17. cxd5 Bxd5 18. Bxd5 Rxd5 19. Rxd5 Qxd5 20. Rd1 Qxa2 21. Rd7 Bf8 22. Be3 a5 23. Qe4 Rc8 24. Qb7 Qc4 25. Rxf7 a4 26. Rd7 a3 27. bxa3 bxa3 28. Qf3 a2 29. Qf7+ Kh8 30. Bd4 Qxd4 31. Qxe6 a1Q+ 32. Kg2 Qe4+ 33. Kh3 Qf1# 0-1

[Event "Titled Tuesday intern op 19th Dec Early"]
[Site "Chess.com INT"]
[Date "2023.12.19"]
[Round "1"]
[White "Yushko, Olga"]
[Black "Ghevondyan, Arman"]
[Result "0-1"]
[WhiteElo "2064"]
[BlackElo "2216"]
[PlyCount "90"]
[EventDate "2023.12.19"]
[EventType "swiss (blitz)"]
[EventRounds "11"]
[EventCountry "USA"]
[SourceTitle "CB52_2023"]
[SourceDate "2023.12.27"]
[SourceVersion "1"]
[SourceVersionDate "2023.12.27"]
[SourceQuality "1"]

1. d4 Nf6 2. c4 g6 3. Nc3 d5 4. Nf3 Bg7 5. e3 0-0 6. Be2 c5 7. dxc5 Qa5 8. 0-0 dxc4 9. Bxc4 Qxc5 10. Be2 Nc6 11. a3 Be6 12. Qc2 Rac8 13. b4 Qf5 14. Qxf5 Bxf5 15. Bb2 Ne4 16. Na4 Bxb2 17. Nxb2 Nc3 18. Bd3 Bxd3 19. Nxd3 Rfd8 20. Nc5 b6 21. Nb3 Kg7 22. h3 e5 23. Kh2 f6 24. Rac1 Ne4 25. Rc2 Ne7 26. Rfc1 Rxc2 27. Rxc2 Rd7 28. Nbd2 Nxd2 29. Nxd2 Kf7 30. Ne4 Ke6 31. Kg1 h6 32. Kf1 f5 33. Nd2 Nd5 34. Ke2 Nf6 35. Rc6+ Ke7 36. Rc8 Ke6 37. Rh8 h5 38. Rc8 e4 39. Rc6+ Rd6 40. Rc3 Nd5 41. Rc8 Kd7 42. Rg8 Nc3+ 43. Ke1 Kc6 44. Rg7 a6 45. Nc4 Rd1# 0-1

[Event "Titled Tuesday intern op 26th Sep Early"]
[Site "Chess.com INT"]
[Date "2023.09.26"]
[Round "3"]
[White "Ghevondyan, Arman"]
[Black "Yanchenko, Roman"]
[Result "0-1"]
[WhiteElo "2216"]
[BlackElo "2466"]
[PlyCount "78"]
[EventDate "2023.09.26"]
[EventType "swiss (blitz)"]
[EventRounds "11"]
[EventCountry "USA"]
[SourceTitle "EXT 2024"]
[Source "ChessBase"]
[SourceDate "2023.10.10"]
[SourceVersion "1"]
[SourceVersionDate "2023.10.10"]
[SourceQuality "1"]

1. Nf3 d5 2. d4 Nf6 3. g3 Bf5 4. Bg2 e6 5. 0-0 c5 6. c4 Nc6 7. Nc3 h6 8. cxd5 exd5 9. b3 Be7 10. Bb2 0-0 11. Rc1 Rc8 12. dxc5 Bxc5 13. Na4 Be7 14. Nc5 Ne4 15. Nd3 d4 16. a3 Bf6 17. b4 Nc3 18. Qd2 Re8 19. Rfe1 Ne4 20. Qd1 Nc3 21. Qd2 Qe7 22. Kf1 Ne4 23. Qd1 Rcd8 24. b5 Na5 25. Qa4 b6 26. Nb4 Nc3 27. Bxc3 dxc3 28. Nc6 Qc5 29. e4 Nxc6 30. bxc6 Bc8 31. e5 Bxe5 32. c7 Qxc7 33. Nxe5 Rxe5 34. Rxe5 Qxe5 35. Qc2 Rd2 36. Qe4 Qc5 37. Qe8+ Kh7 38. Be4+ Bf5 39. Rxc3 Qxf2# 0-1

[Event "Titled Tuesday intern op 26th Sep Early"]
[Site "Chess.com INT"]
[Date "2023.09.26"]
[Round "1"]
[White "Ramadoss, Ashokkumar"]
[Black "Ghevondyan, Arman"]
[Result "0-1"]
[WhiteElo "2110"]
[BlackElo "2216"]
[PlyCount "176"]
[EventDate "2023.09.26"]
[EventType "swiss (blitz)"]
[EventRounds "11"]
[EventCountry "USA"]
[SourceTitle "EXT 2024"]
[Source "ChessBase"]
[SourceDate "2023.10.10"]
[SourceVersion "1"]
[SourceVersionDate "2023.10.10"]
[SourceQuality "1"]

1. Nf3 Nf6 2. c4 g6 3. Nc3 d5 4. cxd5 Nxd5 5. e4 Nxc3 6. bxc3 Bg7 7. d4 0-0 8. Be3 c5 9. Rc1 Qa5 10. Qd2 Rd8 11. d5 e6 12. c4 Qxd2+ 13. Nxd2 b6 14. Be2 Bb7 15. 0-0 Nd7 16. Rfd1 e5 17. a4 h6 18. Ra1 f5 19. f3 f4 20. Bf2 Bf8 21. a5 Bd6 22. Rdb1 Bc7 23. Rb2 Nf6 24. Nb1 Ne8 25. Nc3 Nd6 26. Nb5 Nxb5 27. Rxb5 Ba6 28. Rb2 Rd6 29. axb6 Rxb6 30. Rba2 Bc8 31. Bxc5 Rb7 32. Bf2 a5 33. c5 Kf7 34. d6 Bd8 35. c6 Rb4 36. c7 Bf6 37. Be1 Rd4 38. Rd1 Ke6 39. Rxa5 Rxa5 40. Bxa5 Kxd6 41. Rb1 Ra4 42. Bb6 Be6 43. Bb5 Ra2 44. Rd1+ Ke7 45. Bc5+ Kf7 46. c8Q Bxc8 47. Bc4+ Be6 48. Bxa2 Bxa2 49. Ra1 Bc4 50. Ra7+ Ke6 51. Rc7 h5 52. Bf2 Ba2 53. h4 Be7 54. Ra7 Bc4 55. Ra6+ Kf7 56. Ra5 Ke6 57. Ra4 Bb3 58. Ra7 Bc4 59. Kh2 Bb3 60. Ra5 Bc4 61. Kh3 Bb3 62. Bc5 Bf6 63. Ra6+ Kf7 64. Ra7+ Ke6 65. Rb7 Bc4 66. Rb6+ Kf7 67. Bb4 Bb3 68. Bc3 Ba2 69. Rb5 Ke6 70. Ra5 Bc4 71. Rc5 Ba2 72. g3 fxg3 73. Kxg3 Bb3 74. Ra5 Bc2 75. Kf2 Bb3 76. Kg3 Bc2 77. Bb4 Bb3 78. Ra6+ Kf7 79. Bd6 Bc4 80. Rb6 Ke6 81. f4 exf4+ 82. Bxf4+ Kf7 83. e5 Be7 84. Bg5 Ba3 85. Rf6+ Kg7 86. e6 Bd6+ 87. Kf2 Be5 88. Rf7+ Kg8 0-1

[Event "Titled Tuesday intern op 26th Sep Early"]
[Site "Chess.com INT"]
[Date "2023.09.26"]
[Round "5"]
[White "Seo, Jung Min"]
[Black "Ghevondyan, Arman"]
[Result "0-1"]
[WhiteElo "2462"]
[BlackElo "2216"]
[PlyCount "78"]
[EventDate "2023.09.26"]
[EventType "swiss (blitz)"]
[EventRounds "11"]
[EventCountry "USA"]
[SourceTitle "EXT 2024"]
[Source "ChessBase"]
[SourceDate "2023.10.10"]
[SourceVersion "1"]
[SourceVersionDate "2023.10.10"]
[SourceQuality "1"]

1. e4 c5 2. Nf3 Nc6 3. d4 cxd4 4. Nxd4 g6 5. c4 Bg7 6. Be3 Nf6 7. Nc3 0-0 8. Be2 d6 9. 0-0 Nxd4 10. Bxd4 a5 11. a4 Bd7 12. b3 Bc6 13. Re1 Nd7 14. Bxg7 Kxg7 15. Bf1 Nc5 16. Rb1 e5 17. f3 f5 18. exf5 gxf5 19. f4 Ne4 20. Nxe4 Bxe4 21. Bd3 Qb6+ 22. Kh1 Bxd3 23. Qxd3 Rae8 24. Rbd1 Re6 25. h3 Rf7 26. Qd5 Rfe7 27. Rd3 Qf2 28. Rde3 Qxf4 29. c5 dxc5 30. Qxc5 b6 31. Qd5 e4 32. Qd1 Rd6 33. Qc2 Red7 34. Qc3+ Kh6 35. Qh8 Rg6 36. Qf8+ Rdg7 37. R3e2 Qh4 38. Qxf5 Rxg2 39. Rxe4 Rh2+ 0-1

[Event "Titled Tuesday intern op 26th Sep Late"]
[Site "Chess.com INT"]
[Date "2023.09.26"]
[Round "2"]
[White "Sjugirov, Sanan"]
[Black "Ghevondyan, Arman"]
[Result "1-0"]
[WhiteElo "2705"]
[BlackElo "2216"]
[PlyCount "77"]
[EventDate "2023.09.26"]
[EventType "swiss (blitz)"]
[EventRounds "11"]
[EventCountry "USA"]
[SourceTitle "EXT 2024"]
[Source "ChessBase"]
[SourceDate "2023.10.10"]
[SourceVersion "1"]
[SourceVersionDate "2023.10.10"]
[SourceQuality "1"]

1. e4 c5 2. Nf3 Nc6 3. Bb5 g6 4. 0-0 Bg7 5. Re1 Nh6 6. c3 0-0 7. h3 a6 8. Bxc6 bxc6 9. d4 cxd4 10. cxd4 d6 11. Nc3 f6 12. Be3 Rb8 13. b3 Nf7 14. Rc1 Bd7 15. Qe2 Qa5 16. Bd2 Qh5 17. Qd3 g5 18. Nh2 Qg6 19. Qxa6 h5 20. Qe2 g4 21. hxg4 hxg4 22. Nf1 Ng5 23. Ng3 e6 24. Qxg4 Rf7 25. f4 e5 26. f5 Qh6 27. dxe5 dxe5 28. Bxg5 fxg5 29. Na4 Bf8 30. Red1 Rb4 31. Nc5 Bc8 32. Ne6 Be7 33. Rxc6 Bb7 34. Rc7 Qh4 35. Qxh4 gxh4 36. Nh5 Bxe4 37. f6 Bxf6 38. Nxf6+ Rxf6 39. Rd8+ 1-0

[Event "Titled Tuesday intern op 19th Sep Early"]
[Site "Chess.com INT"]
[Date "2023.09.19"]
[Round "2"]
[White "Ghevondyan, Arman"]
[Black "Suyarov, Mukhammadzokhid"]
[Result "0-1"]
[WhiteElo "2216"]
[BlackElo "2333"]
[PlyCount "100"]
[EventDate "2023.09.19"]
[EventType "swiss (blitz)"]
[EventRounds "11"]
[EventCountry "USA"]
[SourceTitle "EXT 2024"]
[Source "ChessBase"]
[SourceDate "2023.10.10"]
[SourceVersion "1"]
[SourceVersionDate "2023.10.10"]
[SourceQuality "1"]

1. Nf3 Nf6 2. d4 e6 3. g3 c5 4. Bg2 cxd4 5. 0-0 d5 6. Nxd4 e5 7. Nb3 Be6 8. Bg5 Nbd7 9. c4 dxc4 10. N3d2 Qb6 11. Qc2 Rc8 12. Nc3 Be7 13. Rac1 0-0 14. h3 h6 15. Be3 Qa5 16. Bxb7 Rb8 17. Bg2 Bc5 18. Bxc5 Nxc5 19. a3 Rfd8 20. Rfd1 g6 21. Na2 Nb3 22. Nb4 Nxc1 23. Rxc1 Rbc8 24. Nf3 e4 25. Nd2 e3 26. fxe3 Qe5 27. Nf1 Bf5 28. Qa4 Be4 29. Qxa7 Bxg2 30. Kxg2 Qxb2 31. Rc2 Qe5 32. Qb7 Qe4+ 33. Qxe4 Nxe4 34. Kf3 f5 35. g4 c3 36. Nd3 Kg7 37. Ng3 Nd2+ 38. Kf2 fxg4 39. hxg4 Nb1 40. Ne4 Rc4 41. Nec5 Nxa3 42. Ra2 Ra8 43. Ne6+ Kf6 44. Nd4 c2 45. Nc1 Raa4 46. Ke1 Kg5 47. Kd2 Nb1+ 48. Kd3 Rc3+ 49. Ke4 Rxa2 50. Ke5 Rxe3+ 0-1

[Event "Titled Tuesday intern op 05th Sep Early"]
[Site "Chess.com INT"]
[Date "2023.09.05"]
[Round "7"]
[White "Ghevondyan, Arman"]
[Black "Gubajdullin, Alexey"]
[Result "1-0"]
[WhiteElo "2216"]
[BlackElo "2253"]
[PlyCount "79"]
[EventDate "2023.09.05"]
[EventType "swiss (blitz)"]
[EventRounds "11"]
[EventCountry "USA"]
[SourceTitle "EXT 2024"]
[Source "ChessBase"]
[SourceDate "2023.10.10"]
[SourceVersion "1"]
[SourceVersionDate "2023.10.10"]
[SourceQuality "1"]

1. Nf3 Nf6 2. g3 g6 3. Bg2 Bg7 4. 0-0 0-0 5. d4 d6 6. b3 Nbd7 7. Bb2 Re8 8. c4 c6 9. Nc3 Qc7 10. e4 e5 11. Re1 a5 12. Qc2 exd4 13. Nxd4 Nc5 14. h3 h5 15. Rad1 h4 16. g4 Nfd7 17. f4 Ne6 18. Nxe6 fxe6 19. Qf2 Rf8 20. Kh1 g5 21. f5 Ne5 22. Rd2 Qe7 23. Red1 Nf7 24. Na4 Bxb2 25. Nxb2 Ra6 26. Nd3 b5 27. c5 d5 28. e5 exf5 29. gxf5 Nxe5 30. Qe2 Rxf5 31. Re1 Ra7 32. Nxe5 Qxc5 33. Nd3 Qf8 34. Nf2 Raf7 35. Ng4 Rf4 36. Ne5 Re7 37. Qh5 Qf6 38. Rde2 Bf5 39. Nd7 Bxd7 40. Rxe7 1-0

[Event "Titled Tuesday intern op 29th Aug Late"]
[Site "Chess.com INT"]
[Date "2023.08.29"]
[Round "7"]
[White "Ghevondyan, Arman"]
[Black "Senft, Sean"]
[Result "1-0"]
[WhiteElo "2216"]
[BlackElo "2146"]
[PlyCount "35"]
[EventDate "2023.08.29"]
[EventType "swiss (blitz)"]
[EventRounds "11"]
[EventCountry "USA"]
[SourceTitle "EXT 2024"]
[Source "ChessBase"]
[SourceDate "2023.10.10"]
[SourceVersion "1"]
[SourceVersionDate "2023.10.10"]
[SourceQuality "1"]

1. Nf3 d5 2. d4 c6 3. g3 Nf6 4. Bg2 Bg4 5. 0-0 e6 6. Ne5 Bf5 7. c4 Nbd7 8. Nc3 Be7 9. b3 0-0 10. Bb2 Nxe5 11. dxe5 Nd7 12. cxd5 cxd5 13. e4 dxe4 14. Nxe4 Nc5 15. Nd6 Bxd6 16. exd6 Qd7 17. Qd4 Rac8 18. Qxg7# 1-0

[Event "Titled Tuesday intern op 22nd Aug Late"]
[Site "Chess.com INT"]
[Date "2023.08.22"]
[Round "2"]
[White "Ghevondyan, Arman"]
[Black "Ghasi, Ameet K"]
[Result "0-1"]
[WhiteElo "2216"]
[BlackElo "2506"]
[PlyCount "106"]
[EventDate "2023.08.22"]
[EventType "swiss (blitz)"]
[EventRounds "11"]
[EventCountry "USA"]
[SourceTitle "EXT 2024"]
[Source "ChessBase"]
[SourceDate "2023.10.10"]
[SourceVersion "1"]
[SourceVersionDate "2023.10.10"]
[SourceQuality "1"]

1. Nf3 g6 2. g3 Bg7 3. d4 d5 4. Bg2 Nf6 5. 0-0 0-0 6. b3 c6 7. Bb2 Bf5 8. c4 a5 9. Nc3 Ne4 10. Rc1 Nxc3 11. Bxc3 Be4 12. Qd2 e6 13. Rfd1 Nd7 14. Ne5 Bxg2 15. Kxg2 Nf6 16. f3 a4 17. Qb2 Qe7 18. c5 axb3 19. axb3 Ne8 20. Nd3 Nc7 21. Ra1 Nb5 22. Rxa8 Rxa8 23. Ra1 Rd8 24. e3 h6 25. Qd2 Re8 26. Bb2 Qg5 27. b4 h5 28. h4 Qf5 29. Nf2 Qf6 30. Nd1 Qf5 31. Nc3 Nxc3 32. Bxc3 e5 33. dxe5 Bxe5 34. Re1 Bxc3 35. Qxc3 Re6 36. Re2 Re5 37. Qd4 Re8 38. Qb2 Qd3 39. Qd2 Qxd2 40. Rxd2 Rxe3 41. Rb2 Rc3 42. Ra2 Rb3 43. Ra4 Kg7 44. Kf2 Kf6 45. Ke2 Ke5 46. Kf2 Kf5 47. Kg2 Rb2+ 48. Kh3 Ke5 49. g4 d4 50. Kg3 d3 51. gxh5 gxh5 52. Ra3 Kd4 53. Kf4 Rxb4 0-1

[Event "Titled Tuesday intern op 22nd Aug Early"]
[Site "Chess.com INT"]
[Date "2023.08.22"]
[Round "1"]
[White "Ghevondyan, Arman"]
[Black "Yelisieiev, Yevhenii"]
[Result "0-1"]
[WhiteElo "2216"]
[BlackElo "2401"]
[PlyCount "130"]
[EventDate "2023.08.22"]
[EventType "swiss (blitz)"]
[EventRounds "11"]
[EventCountry "USA"]
[SourceTitle "EXT 2024"]
[Source "ChessBase"]
[SourceDate "2023.10.10"]
[SourceVersion "1"]
[SourceVersionDate "2023.10.10"]
[SourceQuality "1"]

1. Nf3 d6 2. d4 Nf6 3. g3 Nbd7 4. Bg2 e5 5. 0-0 e4 6. Ne1 d5 7. f3 exf3 8. exf3 Be7 9. Nd3 0-0 10. c3 Re8 11. Re1 b6 12. Nd2 Bb7 13. Nf1 c5 14. Be3 Rc8 15. Bf2 Nf8 16. Ne5 Ne6 17. Qd2 h5 18. Rad1 h4 19. Bh3 hxg3 20. hxg3 Bd6 21. Kg2 a5 22. Ne3 cxd4 23. cxd4 Bb4 24. Qd3 Bxe1 25. Rxe1 Rc7 26. Rh1 Ng5 27. Bf5 Qd6 28. a3 Rxe5 29. dxe5 Qxe5 30. Re1 Nxf3 31. Kxf3 d4+ 32. Ke2 dxe3 33. Bxe3 Qxb2+ 34. Bd2 Re7+ 35. Kf2 Rxe1 36. Kxe1 Qe5+ 37. Kf2 Qc5+ 38. Be3 Qc6 39. Ke2 g6 40. Bh3 Qf3+ 41. Kd2 Qxg3 42. Bf1 Ne4+ 43. Kc2 Qc7+ 44. Kb2 Nc5 45. Qc4 Ne6 46. Qxc7 Nxc7 47. Bxb6 Nd5 48. Bxa5 g5 49. Bg2 f5 50. Kb3 Kf7 51. Bd8 g4 52. Bg5 Ke6 53. a4 Ba6 54. a5 Ke5 55. Bxd5 Kxd5 56. Kc3 Ke4 57. Kd2 f4 58. Ke1 g3 59. Bh4 Kf3 60. Be7 Kg2 61. Bc5 f3 62. Kd2 f2 63. Kc3 f1Q 64. Bd4 Qb5 65. Kd2 Qd3+ 0-1

[Event "Titled Tuesday intern op 22nd Aug Late"]
[Site "Chess.com INT"]
[Date "2023.08.22"]
[Round "5"]
[White "Sivakumar, Shaaketh"]
[Black "Ghevondyan, Arman"]
[Result "1-0"]
[WhiteElo "2355"]
[BlackElo "2216"]
[PlyCount "153"]
[EventDate "2023.08.22"]
[EventType "swiss (blitz)"]
[EventRounds "11"]
[EventCountry "USA"]
[SourceTitle "EXT 2024"]
[Source "ChessBase"]
[SourceDate "2023.10.10"]
[SourceVersion "1"]
[SourceVersionDate "2023.10.10"]
[SourceQuality "1"]

1. Nf3 Nf6 2. g3 g6 3. Bg2 Bg7 4. 0-0 0-0 5. c4 c5 6. Nc3 d5 7. cxd5 Nxd5 8. Qc2 Nc6 9. a3 b6 10. e3 Bb7 11. d3 Rc8 12. Qe2 Nxc3 13. bxc3 Bxc3 14. Rb1 Bf6 15. Rd1 Qd7 16. Bb2 Bxb2 17. Qxb2 Rfd8 18. d4 cxd4 19. Nxd4 Nxd4 20. Rxd4 Qc7 21. Bh3 Rxd4 22. Bxc8 Rd3 23. Rc1 Bf3 24. Bg4 Qxc1+ 25. Qxc1 Bxg4 26. Kg2 Be6 27. e4 Rd7 28. h3 b5 29. Qc8+ Kg7 30. Qc3+ Kg8 31. Qc5 a6 32. Qc8+ Kg7 33. Qxa6 Bc4 34. a4 Rd4 35. axb5 Rxe4 36. Qa1+ f6 37. b6 Bd5 38. Kh2 Rb4 39. Qa5 Rb2 40. Qxd5 Rxb6 41. Qd8 Re6 42. Qe8 h5 43. Kg2 Re5 44. f4 Re2+ 45. Kf3 Re1 46. g4 hxg4+ 47. hxg4 Re6 48. f5 gxf5 49. gxf5 Re5 50. Kg4 Re1 51. Qg6+ Kf8 52. Qh7 Re2 53. Kf4 Re1 54. Qh4 Re5 55. Qh6+ Kf7 56. Qg6+ Kf8 57. Qh5 Ra5 58. Ke4 Ra4+ 59. Kd5 Ra5+ 60. Kc6 Ra6+ 61. Kc7 Rd6 62. Qg6 Rd4 63. Kc6 Rd6+ 64. Kc5 Rd8 65. Qh6+ Kf7 66. Qh7+ Ke8 67. Qg8+ Kd7 68. Qf7 Rc8+ 69. Kd5 Rc6 70. Qg8 Rd6+ 71. Ke4 Rc6 72. Qa8 Rc4+ 73. Kd5 Rc7 74. Qa4+ Kd8 75. Ke6 Rc6+ 76. Kf7 Rc5 77. Qe8+ 1-0